000 00483nam a2200181Ia 4500
008 090124s9999 xx 000 0 und d
082 _b6258
_a417
100 _aदेशपांडे शं.ह.
245 _a लघुकथा
250 _a1
260 _c1942
300 _a109
600 _aदेशपांडे शं.ह.
630 _a लघुकथा
700 _aदेशपांडे शं.ह.
730 _a लघुकथा
942 _cBOOK
999 _c120199
_d120199